Music Quiz

Random Music or Song Quiz
Score 0/99 Timer 20:00
0 Plays Today
answer % Correct
the
96.7%
the
96.7%
the
96.7%
the
96.7%
96.7%
i
91.8%
i
91.8%
i
91.8%
i
91.8%
love
72.1%
me
70.5%
me
70.5%
me
70.5%
me
70.5%
it
67.2%
to
63.9%
to
63.9%
is
62.3%
so
62.3%
in
62.3%
is
62.3%
so
62.3%
my
60.7%
my
60.7%
she
57.4%
we
57.4%
we
57.4%
we
57.4%
she
57.4%
she
57.4%
she
57.4%
her
44.3%
her
44.3%
answer % Correct
her
44.3%
her
44.3%
all
39.3%
were
37.7%
want
37.7%
for
37.7%
one
34.4%
know
34.4%
know
34.4%
know
34.4%
one
34.4%
been
32.8%
girl
32.8%
like
32.8%
Steal My girl
32.8%
got
29.5%
heart
27.9%
take
23%
world
23%
same
21.3%
things
21.3%
same
21.3%
oh
21.3%
yeah
21.3%
queen
19.7%
away
19.7%
queen
19.7%
dream
18%
dreams
16.4%
everybody
16.4%
steal
16.4%
oh right
16.4%
alright
14.8%
answer % Correct
alright
14.8%
calls
14.8%
dad
14.8%
calls
14.8%
son
14.8%
alright
14.8%
alright
14.8%
mean
14.8%
alright
14.8%
alright
14.8%
16
13.1%
mum
13.1%
sure
13.1%
wanna
13.1%
wanna
13.1%
whole
13.1%
wide
13.1%
find another
13.1%
belongs
13.1%
belongs
13.1%
cuz
8.2%
couple
8.2%
cuz
8.2%
kisses
8.2%
walk
8.2%
scince
6.6%
four
6.6%
billlion
3.3%
nanananana
3.3%
nanananana
3.3%
One Direction
3.3%
2014
3.3%
everybpdy
1.6%
Remove Ads.
Support Sporcle.
Get the best of Sporcle when you Go Orange. This ad-free experience offers more features, more stats, and more fun while also helping to support Sporcle. Thank you for becoming a member.

You're not logged in!

Compare scores with friends on all Sporcle quizzes.
OR
Log In

Show Comments

Extras

Created Jan 10, 2015ReportNominate
Tags:Song Quiz

Top Quizzes Today


Score Distribution

Your Account Isn't Verified!

In order to create a playlist on Sporcle, you need to verify the email address you used during registration. Go to your Sporcle Settings to finish the process.

Report this User

Report this user for behavior that violates our Community Guidelines.

Details: